000 00946nam a2200313 4500
001 o0001288
003 DO-SdBPM
005 20250120093802.0
007 o0001288
008 990722s1988 sp | || ||spa
017 _a
_b
020 _a8432091057
035 _a
040 _aDO-SdBPM
_bspa
_cBPMSU
_e
041 1 _aspa
_h
082 4 _a823.84
_bL998u 1988
_222
100 1 _a Lytton, Edward Bulwer,
_cBarón,
_d1803-1873
240 1 0 _aThe last days of Pompeii
_lEspañol
245 1 4 _aLos últimos días de Pompeya /
_cBulwer Lytton ; traducción Alberto Clavería
_h
260 _aMadrid :
_bPlaneta,
_c1998
300 _a310 p. ;
_c22 cm
490 0 _aBiblioteca mundial de grandes aventuras
590 _aInventariado, 2025/VM
650 4 _aNovela inglesa
650 4 _aDesastres naturales
_vNovela
700 1 _aClavería, Alberto
_etraductor
910 _aVMateo V. Control de calidad. BPMSU
942 _2ddc
_cBK
999 _c10798
_d10798